000 01151nam a2200217Ia 4500
003 OSt
005 20210813120419.0
008 210310s1999 ck ao gr 000 0 spa d
040 _aCO-JMCR
_cCO-JMCR
041 0 _aspa
082 0 4 _a332.642 /
_bB693b
_223
110 2 _aBolsa de Bogotá
_936239
245 1 3 _aLa bolsa frente al nuevo milenio :
_bmemorias de los actos celebrados con ocasión del septuagésimo aniversario de fundación de la Bolsa de Bogotá 1928-1998 /
_cBolsa de Bogotá
260 _aBogotá :
_bBolsa de Bogotá S.A.,
_c1999
300 _a198 páginas :
_bilustraciones y fotografías a blanco y negro ;
_c28 cm.
505 0 _aXIII Convención Nacional de Mercado de Valores -- El papel de los inversiones institucionales y el desarrollo del mercado de capitales -- El mercado de capitales como opción de financiamiento y alternativa al crédito bancario para el sector real -- Acto de conmemoración del septuagésimo aniversario de fundación de la Bolsa de Bogotá
650 1 4 _aBolsa de valores
_916888
650 2 4 _aMercado de capitales
_939373
650 2 4 _aCompañías colombianas
_vDirectorios
_939374
942 _2ddc
_cBK
999 _c8300
_d8300